Statistics for CompTIA Security+ 8

Click here to take the quiz!

General Stats

  • This quiz has been taken 2 times
  • The average score is 7 of 22

Answer Stats

HintAnswer% Correct
LDAPLightweight Directory Access Protocol
100%
MDFMain Distribution Frame
50%
MBRMaster Boot Record
50%
MTBFMean Time Before Failure
50%
MACMedia Access Control
50%
MOAMemorandum of Understanding
50%
MANMetropolitan Area Network
50%
MS-CHAPMicrosoft Challenge-Handshake Authentication Protocol
50%
MAMMobile Application Management
50%
MDMMobile Device Management
50%
MFAMultifactor Authentication
50%
MPLSMultiprotocol Layer Switching
50%
LEAPLightweight Extensible Authentication Protocol
0%
MLMachine Learning
0%
MSSPManaged Security Service Provider
0%
MSPManaged Service Provider
0%
MSAMeasurement Systems Analysis
0%
MD5Message Digest 5
0%
MaaSMonitoring as a Service
0%
MFDMultifunction Device
0%
MFPMultifunction Printer
0%
MMSMultimedia Message Service
0%

Score Distribution

Percentile by Number Answered

Percent of People with Each Score

Your Score History

You have not taken this quiz